000 01007nam0a22002771 4500
001 rc\2221871
005 20250623094326.0
035 _a(NLR Aleph) 006707703
090 _a5310211
_c5310211
100 _a20110829d1979 |||y0rusy50 ca
101 0 _arus
102 _aRU
105 _aa z |||||
200 1 _aДевочка-лебедь
_eСказки
_e[Для дошк. возраста]
_fВладимир Санги
_gРис. К. Овчинникова
210 _aЛенинград
_cДет. лит. Ленингр. отд-ние
_d1979
215 _a16 с.
_cцв. ил.
_d28
606 _aСказки нивхские, советские (д. л.)
_2psbo
700 1 _7ca
_8rus
_aСанги
_bВ. М.
_f1935-
_gВладимир Михайлович
_9130462
_3RU\NLR\auth-onl\77406
702 1 _aОвчинников
_bК.
_4440
801 0 _aRU
_bNLR
_gpsbo
801 1 _aRU
_bELAR
_2rusmarc
852 _aNLR
_j80-8/512
899 _aRuMoRGB
_jM 79-11/467
942 _cBOOK
980 _aNB